000 00738nam a22001337a 4500
008 110614t xxu||||| |||| 00| 0 eng d
010 _aSCCAF21
245 _aSupreme Court Criminal Appeal NO. 04 OF 2003 Lutwama David Vs Uganda
260 _c2003
500 _aCoram: Oder; Tsekooko; Karokora; Mulenga and Kanyeihamba; JJSC.
500 _aAppeal from Judgement of the Court of Appeal at Kampala before Hon. L.E.M. Mukasa-Kikonyogo, DCJ., Mpagi-Bahigeine, Berko JJ.A dated 18th day of February, 2003 in Criminal Appeal No. 112 of 2001
999 _c2867
_d2867